[Event "Athens of East GM-Open 2019"]
[Site "Madurai"]
[Date "2019.08.18"]
[Round "10.1"]
[White "Savchenko, Boris"]
[Black "Venkatesh, M.R."]
[Result "1/2-1/2"]
[WhiteElo "2576"]
[BlackElo "2480"]
[Annotator "ChessBase"]
[PlyCount "138"]
[EventDate "2019.08.11"]
[EventType "swiss"]
[EventCountry "IND"]
[SourceTitle "playchess.com"]
[Source "ChessBase"]
[SourceQuality "1"]
[TimeControl "5400+30"]

1. e4 {[%emt 0:00:00]} e5 {[%emt 0:01:26]} 2. Nf3 {[%emt 0:00:00]} Nc6 {[%emt 0:00:06]} 3. Bb5 {[%emt 0:00:00]} a6 {[%emt 0:00:58]} 4. Ba4 {[%emt 0:00:00]} d6 {[%emt 0:02:52]} 5. O-O {[%emt 0:01:29]} Bd7 {[%emt 0:00:34]} 6. d4 {[%emt 0:01:21]} b5 {[%emt 0:09:13]} 7. Bb3 {[%emt 0:00:11]} Nxd4 {[%emt 0:00:08]} 8. Nxd4 {[%emt 0:00:09]} exd4 {[%emt 0:00:03]} 9. c3 {[%emt 0:00:45]} dxc3 {[%emt 0:00:30]} 10. Nxc3 {[%emt 0:00:42]} Nf6 {[%emt 0:03:57]} 11. f4 {[%emt 0:43:06]} Be6 {[%emt 0:05:35]} 12. Bxe6 {[%emt 0:13:57]} fxe6 {[%emt 0:00:06]} 13. f5 {[%emt 0:00:10]} e5 {[%emt 0:09:37]} 14. Nd5 {[%emt 0:01:06]} c6 {[%emt 0:03:23]} 15. Nxf6+ {[%emt 0:00:20]} Qxf6 {[%emt 0:03:44]} 16. a4 {[%emt 0:09:34]} b4 {[%emt 0:03:21]} 17. Be3 {[%emt 0:07:24]} Qf7 {[%emt 0:08:57]} 18. a5 {[%emt 0:00:40]} c5 {[%emt 0:01:22]} 19. f6 {[%emt 0:02:36]} O-O-O {[%emt 0:15:25]} 20. Qd3 {[%emt 0:05:10]} Qb7 {[%emt 0:02:19]} 21. Rad1 {[%emt 0:03:59]} Rd7 {[%emt 0:04:03]} 22. f7 {[%emt 0:00:52]} Be7 {[%emt 0:04:41]} 23. Qc4 {[%emt 0:00:56]} Rf8 {[%emt 0:04:16]} 24. Qe6 {[%emt 0:00:38]} Qc6 {[%emt 0:05:50]} 25. Rd5 {[%emt 0:02:58]} Kc7 {[%emt 0:00:43]} 26. Rfd1 {[%emt 0:01:54]} Rfd8 {[%emt 0:02:42]} 27. b3 {[%emt 0:00:43]} h6 {[%emt 0:00:20]} 28. R1d2 {[%emt 0:01:48]} Bf8 {[%emt 0:01:09]} 29. Qe8 {[%emt 0:01:22]} Re7 {[%emt 0:02:40]} 30. Qxc6+ {[%emt 0:00:06]} Kxc6 {[%emt 0:00:04]} 31. Bxc5 {[%emt 0:00:04]} Rxf7 {[%emt 0:00:49]} 32. Rc2 {[%emt 0:00:29]} Kd7 {[%emt 0:00:47]} 33. Bxb4 {[%emt 0:00:13]} Rb8 {[%emt 0:00:14]} 34. Rc4 {[%emt 0:00:05]} Ke6 {[%emt 0:00:56]} 35. Rd3 {[%emt 0:02:07]} Rfb7 {[%emt 0:00:16]} 36. Be1 {[%emt 0:00:29]} Rxb3 {[%emt 0:00:10]} 37. Rxb3 {[%emt 0:00:04]} Rxb3 {[%emt 0:00:04]} 38. Rc6 {[%emt 0:00:02]} Re3 {[%emt 0:02:45]} 39. Bf2 {[%emt 0:00:04]} Rxe4 {[%emt 0:00:04]} 40. Rxa6 {[%emt 0:00:03]} Ra4 {[%emt 0:00:06]} 41. Bb6 {[%emt 0:00:12]} Be7 {[%emt 0:01:40]} 42. Ra8 {[%emt 0:01:43]} Kd5 {[%emt 0:00:17]} 43. Kf1 {[%emt 0:01:01]} e4 {[%emt 0:01:32]} 44. a6 {[%emt 0:00:41]} Kc6 {[%emt 0:00:04]} 45. Bf2 {[%emt 0:00:42]} Ra1+ {[%emt 0:00:37]} 46. Ke2 {[%emt 0:00:04]} Ra2+ {[%emt 0:00:04]} 47. Kf1 {[%emt 0:00:03]} Bg5 {[%emt 0:00:59]} 48. h4 {[%emt 0:01:21]} e3 {[%emt 0:00:38]} 49. hxg5 {[%emt 0:00:33]} Rxf2+ {[%emt 0:00:05]} 50. Ke1 {[%emt 0:00:03]} h5 {[%emt 0:01:59]} 51. Re8 {[%emt 0:00:45]} Kb6 {[%emt 0:00:15]} 52. Rxe3 {[%emt 0:00:41]} Rxg2 {[%emt 0:00:19]} 53. Re6 {[%emt 0:00:16]} Rxg5 {[%emt 0:00:40]} 54. Rxd6+ {[%emt 0:00:04]} Ka7 {[%emt 0:00:03]} 55. Kf2 {[%emt 0:00:11]} g6 {[%emt 0:00:51]} 56. Kf3 {[%emt 0:01:04]} h4 {[%emt 0:00:24]} 57. Kf2 {[%emt 0:00:51]} Rg4 {[%emt 0:00:23]} 58. Kf3 {[%emt 0:00:15]} Rg3+ {[%emt 0:00:05]} 59. Kf2 {[%emt 0:00:13]} g5 {[%emt 0:00:26]} 60. Rh6 {[%emt 0:00:59]} Rg4 {[%emt 0:01:17]} 61. Rg6 {[%emt 0:00:25]} h3 {[%emt 0:00:27]} 62. Re6 {[%emt 0:00:44]} Rg2+ {[%emt 0:00:21]} 63. Kf1 {[%emt 0:00:04]} g4 {[%emt 0:00:33]} 64. Rh6 {[%emt 0:00:15]} Ra2 {[%emt 0:01:01]} 65. Kg1 {[%emt 0:00:10]} Rxa6 {[%emt 0:00:36]} 66. Rh7+ {[%emt 0:00:08]} Kb8 {[%emt 0:00:31]} 67. Rg7 {[%emt 0:00:12]} Ra1+ {[%emt 0:00:25]} 68. Kh2 {[%emt 0:00:05]} Ra2+ {[%emt 0:00:02]} 69. Kh1 {[%emt 0:00:06]} Rg2 {[%emt 0:00:20]} 1/2-1/2

[Event "Athens of East GM-Open 2019"]
[Site "Madurai"]
[Date "2019.08.18"]
[Round "10.2"]
[White "Smirnov, Pavel"]
[Black "Das, Sayantan"]
[Result "1/2-1/2"]
[WhiteElo "2574"]
[BlackElo "2409"]
[Annotator "ChessBase"]
[PlyCount "87"]
[EventDate "2019.08.11"]
[EventType "swiss"]
[EventCountry "IND"]
[SourceTitle "playchess.com"]
[Source "ChessBase"]
[SourceQuality "1"]
[TimeControl "5400+30"]

1. d4 {[%emt 0:00:00]} Nf6 {[%emt 0:00:00]} 2. Nf3 {[%emt 0:00:00]} g6 {[%emt 0:00:05]} 3. g3 {[%emt 0:00:41]} Bg7 {[%emt 0:00:07]} 4. Bg2 {[%emt 0:00:04]} O-O {[%emt 0:00:10]} 5. O-O {[%emt 0:00:07]} d6 {[%emt 0:00:12]} 6. c4 {[%emt 0:06:02]} c6 {[%emt 0:00:31]} 7. Nc3 {[%emt 0:00:14]} Bf5 {[%emt 0:00:12]} 8. Ne1 {[%emt 0:00:38]} Be6 {[%emt 0:01:07]} 9. d5 {[%emt 0:00:04]} cxd5 {[%emt 0:00:12]} 10. cxd5 {[%emt 0:00:03]} Bd7 {[%emt 0:00:08]} 11. Be3 {[%emt 0:01:48]} Na6 {[%emt 0:04:19]} 12. Nd3 {[%emt 0:03:16]} b5 {[%emt 0:09:34]} 13. a4 {[%emt 0:11:59]} bxa4 {[%emt 0:08:20]} 14. Nxa4 {[%emt 0:00:23]} Qb8 {[%emt 0:03:32]} 15. Qd2 {[%emt 0:02:18]} Bf5 {[%emt 0:13:37]} 16. Rfc1 {[%emt 0:03:55]} Qb5 {[%emt 0:08:51]} 17. Nc3 {[%emt 0:04:49]} Qb7 {[%emt 0:01:06]} 18. Ra5 {[%emt 0:08:24]} Ng4 {[%emt 0:05:26]} 19. Bf4 {[%emt 0:10:22]} Rfc8 {[%emt 0:14:42]} 20. e4 {[%emt 0:13:29]} Bd7 {[%emt 0:00:07]} 21. h3 {[%emt 0:00:33]} Ne5 {[%emt 0:05:51]} 22. Bxe5 {[%emt 0:06:34]} Bxe5 {[%emt 0:02:44]} 23. Nxe5 {[%emt 0:00:06]} dxe5 {[%emt 0:00:04]} 24. Rca1 {[%emt 0:01:33]} Nc5 {[%emt 0:04:50]} 25. Qe3 {[%emt 0:01:59]} Qb6 {[%emt 0:02:03]} 26. Bf1 {[%emt 0:00:58]} Rab8 {[%emt 0:07:18]} 27. Rxa7 {[%emt 0:07:51]} Qd6 {[%emt 0:00:15]} 28. R1a2 {[%emt 0:02:30]} Kg7 {[%emt 0:03:54]} 29. h4 {[%emt 0:00:50]} h5 {[%emt 0:00:52]} 30. Ba6 {[%emt 0:01:18]} Rc7 {[%emt 0:01:16]} 31. Rxc7 {[%emt 0:00:15]} Qxc7 {[%emt 0:00:02]} 32. Be2 {[%emt 0:00:42]} Rb4 {[%emt 0:01:24]} 33. f4 {[%emt 0:02:03]} Na4 {[%emt 0:01:31]} 34. f5 {[%emt 0:06:07]} Rxb2 {[%emt 0:01:19]} 35. Rxb2 {[%emt 0:00:06]} Nxb2 {[%emt 0:00:02]} 36. fxg6 {[%emt 0:00:38]} fxg6 {[%emt 0:00:16]} 37. Kf1 {[%emt 0:03:31]} Na4 {[%emt 0:01:13]} 38. Nd1 {[%emt 0:00:49]} Qc5 {[%emt 0:00:47]} 39. Qg5 {[%emt 0:01:34]} Bh3+ {[%emt 0:00:18]} 40. Ke1 {[%emt 0:00:03]} Qg1+ {[%emt 0:00:35]} 41. Kd2 {[%emt 0:00:09]} Qd4+ {[%emt 0:00:04]} 42. Ke1 {[%emt 0:01:25]} Qg1+ {[%emt 0:00:17]} 43. Kd2 {[%emt 0:00:03]} Qd4+ {[%emt 0:00:09]} 44. Ke1 {[%emt 0:00:25]} 1/2-1/2

[Event "Athens of East GM-Open 2019"]
[Site "Madurai"]
[Date "2019.08.18"]
[Round "10.3"]
[White "Tukhaev, Adam"]
[Black "Gupta, Abhijeet"]
[Result "1-0"]
[WhiteElo "2541"]
[BlackElo "2603"]
[Annotator "ChessBase"]
[PlyCount "99"]
[EventDate "2019.08.11"]
[EventType "swiss"]
[EventCountry "IND"]
[SourceTitle "playchess.com"]
[Source "ChessBase"]
[SourceQuality "1"]
[TimeControl "5400+30"]

1. Nf3 {[%emt 0:00:00]} Nf6 {[%emt 0:00:00]} 2. g3 {[%emt 0:00:03]} g6 {[%emt 0:00:00]} 3. Bg2 {[%emt 0:00:05]} Bg7 {[%emt 0:00:00]} 4. O-O {[%emt 0:00:11]} O-O {[%emt 0:00:00]} 5. c4 {[%emt 0:02:27]} c6 {[%emt 0:02:23]} 6. d4 {[%emt 0:00:20]} d5 {[%emt 0:00:05]} 7. a4 {[%emt 0:00:07]} Bf5 {[%emt 0:00:59]} 8. Ne5 {[%emt 0:00:09]} Be6 {[%emt 0:14:20]} 9. Nd2 {[%emt 0:16:08]} dxc4 {[%emt 0:04:46]} 10. Ndxc4 {[%emt 0:01:52]} Nbd7 {[%emt 0:00:13]} 11. a5 {[%emt 0:05:53]} Rc8 {[%emt 0:07:45]} 12. Qa4 {[%emt 0:11:44]} Ng4 {[%emt 0:08:51]} 13. Nxd7 {[%emt 0:12:59]} Qxd7 {[%emt 0:01:18]} 14. Rd1 {[%emt 0:00:45]} Rfd8 {[%emt 0:02:27]} 15. Bf4 {[%emt 0:07:38]} h6 {[%emt 0:03:21]} 16. h3 {[%emt 0:00:06]} g5 {[%emt 0:05:01]} 17. hxg4 {[%emt 0:10:21]} Bxc4 {[%emt 0:00:07]} 18. Qxc4 {[%emt 0:00:11]} gxf4 {[%emt 0:00:03]} 19. gxf4 {[%emt 0:00:06]} Qxg4 {[%emt 0:00:27]} 20. e3 {[%emt 0:02:50]} Kh8 {[%emt 0:04:42]} 21. Kf1 {[%emt 0:02:02]} Rg8 {[%emt 0:01:46]} 22. Qe2 {[%emt 0:00:04]} Qg6 {[%emt 0:08:36]} 23. Qf3 {[%emt 0:00:23]} c5 {[%emt 0:00:24]} 24. Bh3 {[%emt 0:03:40]} Rb8 {[%emt 0:03:37]} 25. Rac1 {[%emt 0:05:43]} cxd4 {[%emt 0:00:33]} 26. e4 {[%emt 0:02:04]} Qa6+ {[%emt 0:01:20]} 27. Qd3 {[%emt 0:00:05]} Qxa5 {[%emt 0:06:00]} 28. e5 {[%emt 0:00:04]} Rbd8 {[%emt 0:00:56]} 29. Rc4 {[%emt 0:02:34]} Qa6 {[%emt 0:04:14]} 30. Rc7 {[%emt 0:02:02]} Qg6 {[%emt 0:09:29]} 31. Rxe7 {[%emt 0:02:31]} Qh5 {[%emt 0:02:50]} 32. Rxb7 {[%emt 0:00:58]} Rb8 {[%emt 0:00:03]} 33. Rxb8 {[%emt 0:01:12]} Rxb8 {[%emt 0:00:03]} 34. Bg2 {[%emt 0:00:22]} Rd8 {[%emt 0:02:15]} 35. Bf3 {[%emt 0:02:14]} Qh3+ {[%emt 0:01:45]} 36. Ke2 {[%emt 0:00:41]} Qe6 {[%emt 0:00:05]} 37. Ra1 {[%emt 0:01:28]} Qb6 {[%emt 0:02:21]} 38. b3 {[%emt 0:00:29]} a5 {[%emt 0:00:21]} 39. Rc1 {[%emt 0:00:14]} a4 {[%emt 0:03:10]} 40. bxa4 {[%emt 0:00:41]} Qb2+ {[%emt 0:00:04]} 41. Rc2 {[%emt 0:00:04]} Qa1 {[%emt 0:00:03]} 42. Bc6 {[%emt 0:01:34]} h5 {[%emt 0:01:28]} 43. Bb5 {[%emt 0:00:39]} Qg1 {[%emt 0:02:39]} 44. Qf5 {[%emt 0:00:25]} Qg4+ {[%emt 0:00:36]} 45. Qxg4 {[%emt 0:00:04]} hxg4 {[%emt 0:00:03]} 46. a5 {[%emt 0:01:18]} Bh6 {[%emt 0:00:46]} 47. a6 {[%emt 0:00:57]} Ra8 {[%emt 0:00:39]} 48. Rc7 {[%emt 0:01:17]} Bxf4 {[%emt 0:00:04]} 49. a7 {[%emt 0:00:06]} Bxe5 {[%emt 0:00:25]} 50. Rxf7 {[%emt 0:00:09]} 1-0

[Event "Athens of East GM-Open 2019"]
[Site "Madurai"]
[Date "2019.08.18"]
[Round "10.4"]
[White "Triapishko, Alexandr"]
[Black "Nitin, S.."]
[Result "1/2-1/2"]
[WhiteElo "2515"]
[BlackElo "2385"]
[Annotator "ChessBase"]
[PlyCount "141"]
[EventDate "2019.08.11"]
[EventType "swiss"]
[EventCountry "IND"]
[SourceTitle "playchess.com"]
[Source "ChessBase"]
[SourceQuality "1"]
[TimeControl "5400+30"]

1. d4 {[%emt 0:00:00]} Nf6 {[%emt 0:00:08]} 2. Bg5 {[%emt 0:00:00]} e6 {[%emt 0:05:19]} 3. e4 {[%emt 0:02:15]} h6 {[%emt 0:00:09]} 4. Bxf6 {[%emt 0:00:16]} Qxf6 {[%emt 0:00:09]} 5. c3 {[%emt 0:00:25]} d6 {[%emt 0:02:19]} 6. Bc4 {[%emt 0:02:00]} g6 {[%emt 0:00:42]} 7. Ne2 {[%emt 0:02:21]} Bg7 {[%emt 0:00:20]} 8. O-O {[%emt 0:02:24]} O-O {[%emt 0:00:56]} 9. f4 {[%emt 0:17:34]} Qe7 {[%emt 0:03:18]} 10. Qd3 {[%emt 0:19:30]} Nd7 {[%emt 0:17:13]} 11. Nd2 {[%emt 0:06:46]} c5 {[%emt 0:10:03]} 12. Rae1 {[%emt 0:16:41]} a6 {[%emt 0:09:05]} 13. a4 {[%emt 0:03:44]} b5 {[%emt 0:09:12]} 14. axb5 {[%emt 0:02:00]} Nb6 {[%emt 0:00:11]} 15. bxa6 {[%emt 0:12:12]} Nxc4 {[%emt 0:03:41]} 16. Nxc4 {[%emt 0:00:08]} cxd4 {[%emt 0:02:31]} 17. Nxd4 {[%emt 0:05:46]} Bxa6 {[%emt 0:00:51]} 18. b4 {[%emt 0:03:08]} Qc7 {[%emt 0:13:41]} 19. b5 {[%emt 0:00:12]} Bxd4+ {[%emt 0:00:12]} 20. Qxd4 {[%emt 0:00:07]} Bxb5 {[%emt 0:00:05]} 21. Nxd6 {[%emt 0:00:32]} Bxf1 {[%emt 0:00:14]} 22. Rxf1 {[%emt 0:01:25]} Qa7 {[%emt 0:01:52]} 23. Qxa7 {[%emt 0:01:21]} Rxa7 {[%emt 0:00:01]} 24. Kf2 {[%emt 0:00:39]} Rb8 {[%emt 0:01:10]} 25. Ke3 {[%emt 0:00:30]} Ra2 {[%emt 0:00:48]} 26. Rf2 {[%emt 0:00:31]} Rxf2 {[%emt 0:01:13]} 27. Kxf2 {[%emt 0:00:02]} Rb2+ {[%emt 0:00:02]} 28. Kf3 {[%emt 0:00:41]} Rb3 {[%emt 0:00:13]} 29. e5 {[%emt 0:00:45]} Rxc3+ {[%emt 0:00:06]} 30. Kg4 {[%emt 0:00:24]} Rc2 {[%emt 0:00:22]} 31. Kf3 {[%emt 0:00:37]} Kf8 {[%emt 0:01:14]} 32. Ne4 {[%emt 0:00:21]} Ke7 {[%emt 0:00:31]} 33. h4 {[%emt 0:00:36]} h5 {[%emt 0:00:26]} 34. g4 {[%emt 0:00:34]} hxg4+ {[%emt 0:03:06]} 35. Kxg4 {[%emt 0:00:01]} Rc1 {[%emt 0:00:34]} 36. Nf6 {[%emt 0:00:38]} Rg1+ {[%emt 0:00:11]} 37. Kf3 {[%emt 0:00:14]} Kd8 {[%emt 0:01:27]} 38. Ne4 {[%emt 0:00:45]} Ke7 {[%emt 0:02:13]} 39. Nf6 {[%emt 0:00:12]} Kf8 {[%emt 0:00:06]} 40. Kf2 {[%emt 0:00:32]} Ra1 {[%emt 0:00:12]} 41. Kg3 {[%emt 0:00:39]} Ra3+ {[%emt 0:00:09]} 42. Kg4 {[%emt 0:00:47]} Ra7 {[%emt 0:00:54]} 43. Kg5 {[%emt 0:00:35]} Ra1 {[%emt 0:00:42]} 44. Kg4 {[%emt 0:00:10]} Ke7 {[%emt 0:01:44]} 45. Kf3 {[%emt 0:00:45]} Kd8 {[%emt 0:00:18]} 46. Ne4 {[%emt 0:00:21]} Ra4 {[%emt 0:02:11]} 47. Ng5 {[%emt 0:00:52]} Ke7 {[%emt 0:00:35]} 48. Ne4 {[%emt 0:00:17]} f5 {[%emt 0:01:12]} 49. exf6+ {[%emt 0:00:18]} Kf7 {[%emt 0:00:02]} 50. Ke3 {[%emt 0:00:36]} Ra5 {[%emt 0:00:11]} 51. Kf3 {[%emt 0:00:49]} Ra3+ {[%emt 0:00:32]} 52. Kf2 {[%emt 0:00:12]} Rd3 {[%emt 0:02:50]} 53. Ke2 {[%emt 0:00:12]} Rd5 {[%emt 0:00:13]} 54. Kf3 {[%emt 0:00:32]} e5 {[%emt 0:01:06]} 55. fxe5 {[%emt 0:00:27]} Rxe5 {[%emt 0:00:08]} 56. Kf4 {[%emt 0:00:25]} Rf5+ {[%emt 0:00:14]} 57. Kg4 {[%emt 0:00:39]} Rf1 {[%emt 0:00:28]} 58. Kg5 {[%emt 0:01:01]} Rg1+ {[%emt 0:00:18]} 59. Kf4 {[%emt 0:00:07]} Ke6 {[%emt 0:00:20]} 60. Kf3 {[%emt 0:00:44]} Rf1+ {[%emt 0:01:07]} 61. Kg4 {[%emt 0:00:14]} Rg1+ {[%emt 0:00:26]} 62. Kf4 {[%emt 0:00:29]} Re1 {[%emt 0:00:44]} 63. Kf3 {[%emt 0:00:32]} Ra1 {[%emt 0:00:05]} 64. Kg4 {[%emt 0:00:51]} Ra4 {[%emt 0:00:11]} 65. Kf4 {[%emt 0:00:34]} Rb4 {[%emt 0:01:48]} 66. Kf3 {[%emt 0:00:24]} Rb1 {[%emt 0:00:22]} 67. Kf4 {[%emt 0:00:24]} Rg1 {[%emt 0:00:21]} 68. Kf3 {[%emt 0:00:11]} Rf1+ {[%emt 0:00:09]} 69. Kg4 {[%emt 0:00:21]} Rf5 {[%emt 0:00:39]} 70. f7 {[%emt 0:00:47]} Kxf7 {[%emt 0:01:44]} 71. Nd6+ {[%emt 0:00:04]} 1/2-1/2

[Event "Athens of East GM-Open 2019"]
[Site "Madurai"]
[Date "2019.08.18"]
[Round "10.5"]
[White "Laxman, R.R."]
[Black "Mosadeghpour, Masoud"]
[Result "1-0"]
[WhiteElo "2429"]
[BlackElo "2494"]
[Annotator "ChessBase"]
[PlyCount "53"]
[EventDate "2019.08.11"]
[EventType "swiss"]
[EventCountry "IND"]
[SourceTitle "playchess.com"]
[Source "ChessBase"]
[SourceQuality "1"]
[TimeControl "5400+30"]

1. d4 {[%emt 0:00:00]} Nf6 {[%emt 0:02:14]} 2. Nf3 {[%emt 0:00:00]} g6 {[%emt 0:00:15]} 3. g3 {[%emt 0:01:47]} Bg7 {[%emt 0:00:06]} 4. Bg2 {[%emt 0:00:13]} O-O {[%emt 0:00:06]} 5. O-O {[%emt 0:00:12]} d5 {[%emt 0:00:06]} 6. c4 {[%emt 0:00:39]} dxc4 {[%emt 0:00:06]} 7. Na3 {[%emt 0:00:06]} c3 {[%emt 0:00:04]} 8. bxc3 {[%emt 0:00:03]} c5 {[%emt 0:00:03]} 9. e3 {[%emt 0:00:27]} Nc6 {[%emt 0:00:32]} 10. Re1 {[%emt 0:00:30]} Bf5 {[%emt 0:02:15]} 11. Nc4 {[%emt 0:01:11]} cxd4 {[%emt 0:01:56]} 12. exd4 {[%emt 0:02:11]} Qc8 {[%emt 0:05:10]} 13. Bb2 {[%emt 0:02:43]} Rd8 {[%emt 0:04:29]} 14. Qe2 {[%emt 0:04:40]} Bh3 {[%emt 0:09:03]} 15. Bh1 {[%emt 0:01:50]} Be6 {[%emt 0:01:18]} 16. Ne3 {[%emt 0:06:00]} Na5 {[%emt 0:03:37]} 17. Ne5 {[%emt 0:03:16]} Nd7 {[%emt 0:18:17]} 18. Nxd7 {[%emt 0:01:44]} Qxd7 {[%emt 0:17:11]} 19. c4 {[%emt 0:04:05]} Bh3 {[%emt 0:11:41]} 20. d5 {[%emt 0:01:53]} Bxb2 {[%emt 0:00:25]} 21. Qxb2 {[%emt 0:00:07]} Rac8 {[%emt 0:00:30]} 22. Qd4 {[%emt 0:03:47]} b6 {[%emt 0:00:47]} 23. Qh4 {[%emt 0:00:36]} Bf5 {[%emt 0:12:59]} 24. Rad1 {[%emt 0:00:31]} h5 {[%emt 0:01:10]} 25. d6 {[%emt 0:00:32]} e6 {[%emt 0:05:12]} 26. Nxf5 {[%emt 0:00:08]} exf5 {[%emt 0:00:01]} 27. Qf6 {[%emt 0:02:08]} 1-0

[Event "Athens of East GM-Open 2019"]
[Site "Madurai"]
[Date "2019.08.18"]
[Round "10.6"]
[White "Vasquez Schroeder, Rodrigo"]
[Black "Muthaiah AL"]
[Result "1/2-1/2"]
[WhiteElo "2496"]
[BlackElo "2384"]
[Annotator "ChessBase"]
[PlyCount "60"]
[EventDate "2019.08.11"]
[EventType "swiss"]
[EventCountry "IND"]
[SourceTitle "playchess.com"]
[Source "ChessBase"]
[SourceQuality "1"]
[TimeControl "5400+30"]

1. d4 {[%emt 0:00:00]} Nf6 {[%emt 0:00:57]} 2. Nf3 {[%emt 0:00:16]} g6 {[%emt 0:00:34]} 3. c4 {[%emt 0:00:49]} Bg7 {[%emt 0:00:53]} 4. Nc3 {[%emt 0:00:25]} d5 {[%emt 0:01:04]} 5. Bg5 {[%emt 0:01:12]} Ne4 {[%emt 0:00:38]} 6. cxd5 {[%emt 0:00:26]} Nxg5 {[%emt 0:00:56]} 7. Nxg5 {[%emt 0:00:04]} e6 {[%emt 0:00:23]} 8. Nf3 {[%emt 0:01:52]} exd5 {[%emt 0:00:18]} 9. e3 {[%emt 0:00:12]} O-O {[%emt 0:03:21]} 10. b4 {[%emt 0:00:21]} c6 {[%emt 0:00:34]} 11. Be2 {[%emt 0:01:45]} Qd6 {[%emt 0:03:46]} 12. Qb3 {[%emt 0:01:14]} Be6 {[%emt 0:03:39]} 13. O-O {[%emt 0:00:44]} Nd7 {[%emt 0:01:07]} 14. a4 {[%emt 0:02:30]} a5 {[%emt 0:02:20]} 15. bxa5 {[%emt 0:01:17]} Rxa5 {[%emt 0:00:31]} 16. Rab1 {[%emt 0:00:56]} Bf5 {[%emt 0:08:36]} 17. Rb2 {[%emt 0:01:20]} b5 {[%emt 0:09:29]} 18. Rc1 {[%emt 0:36:55]} bxa4 {[%emt 0:03:40]} 19. Nxa4 {[%emt 0:00:16]} Rfa8 {[%emt 0:06:38]} 20. Ra2 {[%emt 0:08:41]} Qb8 {[%emt 0:06:22]} 21. Qxb8+ {[%emt 0:04:48]} Nxb8 {[%emt 0:00:13]} 22. Bd1 {[%emt 0:01:35]} Bf8 {[%emt 0:06:07]} 23. Rca1 {[%emt 0:06:27]} Bb4 {[%emt 0:03:49]} 24. Bb3 {[%emt 0:01:18]} Nd7 {[%emt 0:02:33]} 25. h3 {[%emt 0:01:31]} Kf8 {[%emt 0:04:28]} 26. Nb2 {[%emt 0:15:30]} Rb8 {[%emt 0:15:34]} 27. Na4 {[%emt 0:04:06]} Rba8 {[%emt 0:01:35]} 28. Nb2 {[%emt 0:00:19]} Rb8 {[%emt 0:08:25]} 29. Na4 {[%emt 0:00:48]} Rba8 {[%emt 0:00:04]} 30. Nb2 {[%emt 0:00:08]} Rb8 {[%emt 0:00:03]} 1/2-1/2

[Event "Athens of East GM-Open 2019"]
[Site "Madurai"]
[Date "2019.08.18"]
[Round "10.7"]
[White "Shyaamnikhil P"]
[Black "Lokesh, N.."]
[Result "1-0"]
[WhiteElo "2456"]
[BlackElo "2202"]
[Annotator "ChessBase"]
[PlyCount "131"]
[EventDate "2019.08.11"]
[EventType "swiss"]
[EventCountry "IND"]
[SourceTitle "playchess.com"]
[Source "ChessBase"]
[SourceQuality "1"]
[TimeControl "5400+30"]

1. g3 {[%emt 0:00:15]} Nf6 {[%emt 0:00:00]} 2. Bg2 {[%emt 0:00:15]} d5 {[%emt 0:00:00]} 3. c4 {[%emt 0:02:05]} e6 {[%emt 0:00:00]} 4. d4 {[%emt 0:02:07]} Be7 {[%emt 0:00:18]} 5. Nc3 {[%emt 0:01:15]} O-O {[%emt 0:00:11]} 6. Nf3 {[%emt 0:00:13]} c6 {[%emt 0:02:20]} 7. O-O {[%emt 0:02:25]} b6 {[%emt 0:00:10]} 8. Ne5 {[%emt 0:00:26]} Bb7 {[%emt 0:01:45]} 9. e4 {[%emt 0:01:00]} Na6 {[%emt 0:36:01]} 10. a3 {[%emt 0:09:27]} dxc4 {[%emt 0:17:27]} 11. Nxc4 {[%emt 0:02:24]} c5 {[%emt 0:01:48]} 12. d5 {[%emt 0:00:31]} b5 {[%emt 0:16:02]} 13. Nxb5 {[%emt 0:11:50]} exd5 {[%emt 0:01:32]} 14. e5 {[%emt 0:21:33]} Ne4 {[%emt 0:02:18]} 15. Bxe4 {[%emt 0:00:31]} dxe4 {[%emt 0:00:10]} 16. Nbd6 {[%emt 0:00:04]} Bc6 {[%emt 0:01:53]} 17. Qg4 {[%emt 0:02:28]} Qd7 {[%emt 0:07:45]} 18. Nf5 {[%emt 0:07:54]} g6 {[%emt 0:00:09]} 19. Nxe7+ {[%emt 0:00:30]} Qxe7 {[%emt 0:00:03]} 20. Bh6 {[%emt 0:01:58]} Rfb8 {[%emt 0:01:53]} 21. Rad1 {[%emt 0:02:56]} Nc7 {[%emt 0:04:45]} 22. Rd6 {[%emt 0:00:46]} Bb5 {[%emt 0:00:44]} 23. Qxe4 {[%emt 0:02:45]} Bxc4 {[%emt 0:00:19]} 24. Qxc4 {[%emt 0:00:06]} Qxe5 {[%emt 0:00:23]} 25. Rd7 {[%emt 0:04:01]} Ne6 {[%emt 0:03:26]} 26. Bf4 {[%emt 0:00:10]} Qxb2 {[%emt 0:00:06]} 27. Bxb8 {[%emt 0:00:04]} Rxb8 {[%emt 0:01:16]} 28. Rxa7 {[%emt 0:00:23]} Rb3 {[%emt 0:00:26]} 29. Qd5 {[%emt 0:03:49]} Qc3 {[%emt 0:00:44]} 30. a4 {[%emt 0:04:41]} Rb2 {[%emt 0:00:20]} 31. h4 {[%emt 0:05:21]} Rd2 {[%emt 0:00:13]} 32. Qe4 {[%emt 0:02:21]} Qf6 {[%emt 0:00:46]} 33. Qe3 {[%emt 0:00:44]} Nd4 {[%emt 0:00:34]} 34. Qe8+ {[%emt 0:06:02]} Kg7 {[%emt 0:00:07]} 35. Ra8 {[%emt 0:00:07]} Nf3+ {[%emt 0:00:59]} 36. Kh1 {[%emt 0:00:34]} Qd6 {[%emt 0:00:30]} 37. Qh8+ {[%emt 0:01:43]} Kh6 {[%emt 0:00:03]} 38. Qf8+ {[%emt 0:00:07]} Qxf8 {[%emt 0:00:29]} 39. Rxf8 {[%emt 0:00:05]} Kg7 {[%emt 0:00:13]} 40. Rc8 {[%emt 0:00:13]} Ra2 {[%emt 0:01:13]} 41. Kg2 {[%emt 0:01:13]} Nd4 {[%emt 0:00:32]} 42. Rxc5 {[%emt 0:00:13]} Rxa4 {[%emt 0:00:02]} 43. Rc7 {[%emt 0:00:10]} h5 {[%emt 0:00:58]} 44. Rd1 {[%emt 0:01:58]} Rb4 {[%emt 0:00:34]} 45. Ra7 {[%emt 0:00:08]} Rc4 {[%emt 0:00:21]} 46. Rd3 {[%emt 0:00:35]} Rb4 {[%emt 0:00:22]} 47. Kh3 {[%emt 0:00:29]} Nc6 {[%emt 0:00:46]} 48. Rc7 {[%emt 0:00:40]} Ne5 {[%emt 0:00:08]} 49. Ra3 {[%emt 0:00:25]} Rb2 {[%emt 0:00:31]} 50. Kg2 {[%emt 0:00:41]} Rd2 {[%emt 0:00:26]} 51. Raa7 {[%emt 0:00:24]} Rb2 {[%emt 0:00:45]} 52. Rab7 {[%emt 0:01:10]} Ra2 {[%emt 0:00:11]} 53. Re7 {[%emt 0:00:39]} Kf6 {[%emt 0:00:46]} 54. Ra7 {[%emt 0:00:07]} Rb2 {[%emt 0:00:17]} 55. Reb7 {[%emt 0:00:13]} Rc2 {[%emt 0:00:07]} 56. Kf1 {[%emt 0:00:11]} Kf5 {[%emt 0:01:15]} 57. Ra4 {[%emt 0:01:31]} Kf6 {[%emt 0:00:33]} 58. Rf4+ {[%emt 0:00:39]} Kg7 {[%emt 0:00:27]} 59. Re7 {[%emt 0:00:23]} Rc5 {[%emt 0:00:09]} 60. Ke2 {[%emt 0:00:39]} Kf8 {[%emt 0:00:09]} 61. Ra7 {[%emt 0:00:11]} Rc2+ {[%emt 0:00:30]} 62. Ke3 {[%emt 0:00:47]} Kg7 {[%emt 0:01:10]} 63. Rb7 {[%emt 0:00:06]} Kh6 {[%emt 0:00:27]} 64. Kd4 {[%emt 0:00:54]} Re2 {[%emt 0:00:36]} 65. Kd5 {[%emt 0:00:13]} f5 {[%emt 0:00:33]} 66. Re7 {[%emt 0:00:13]} 1-0